000
00303nam a22001217a 4500
008
170508b xxu||||| |||| 00| 0 eng d
041
_a
eng
080
_2
5 ED
_a
343.9
100
_a
14
101
_a
SHJ
245
_a
THE CRIMINAL KUSTICE STUDENTS WRITES MANUAL
_c
JOHNSON.W.A
942
_2
udc
_c
BK
999
_c
12969
_d
12969